| 000 | 00490nam a2200193Ia 4500 | ||
|---|---|---|---|
| 005 | 20250923145337.0 | ||
| 008 | 008 250917s9999 xx 000 0 eng d | ||
| 037 | _aTextual | ||
| 040 |
_aDSWL _beng _cDSWL |
||
| 041 |
_aeng _2eng |
||
| 084 | _qDSWL | ||
| 245 | 4 |
_aThe Endless crisis _cEd. by Francios Duchene |
|
| 260 |
_aNew York _b Simon & Chuster _c1970 |
||
| 300 | _a310p. | ||
| 365 |
_aUSD _b2 . 75 |
||
| 925 | _g2 . 75 | ||
| 942 | _cTEXL | ||
| 999 |
_c1450226 _d1450226 |
||